000 00699nam a2200253Ia 4500
003 OSt
005 20220912151223.0
006 a|||||r|||| 00| 0
007 ta
008 220909b |||||||| |||| 00| 0 eng d
024 _a57023
037 _cTextual
040 _aCSL
_beng
_cCSL
041 _aeng
082 _aJ:(E5,7), L5
100 _aDarwinkel A
245 0 _aAspects of assimitation and accumulation of nitrate in some cultivativated plants
260 _aWageningen
_bCAPD
_c1975
300 _avii, 64p.
_ccm.
490 _aAgricultural research reports
650 _aAgriculture
942 _hJ:(E5,7), L5
_cTEXL
_2CC
999 _c63912
_d63912